Guess these Godard film by film stills - Statistics

General Stats
  • This quiz has been taken 31 times
  • The average score is 10 of 16
Answer Stats
Picture Answer % Correct
Breathless
100%
Le Mépris
91%
Pierrot Le Fou
87%
La Chinoise
83%
Alphaville
78%
Vivre Sa Vie
74%
Une Femme est une Femme
70%
Masculin Feminin
57%
Bande à part
52%
Le Petit Soldat
52%
Two or Three Things I Know about Her
52%
Weekend
52%
Hail Mary
39%
Les Carabiniers
35%
Goodbye to Language
30%
Passion
22%
No matching quizzes found
Score Distribution
Percent of People with Each Score
Percentile by Number Answered
Your Score History
You have not taken this quiz